| 000 | 01161nam a2200241 a 4500 | ||
|---|---|---|---|
| 005 | 20240524071123.0 | ||
| 008 | 200910s2019 enk 000 0 eng d | ||
| 020 | _a9781138593107 | ||
| 040 |
_aDLC _bvie _eAACR2 |
||
| 041 | 0 | _aeng | |
| 082 | 0 | 4 |
_a339.22 _bG795 |
| 100 | _aFernando, Casado Caneque | ||
| 245 |
_aThe green leap to an inclusive economy _c/ edited by Stuart L. Hart, Fernando Casado Caneque. |
||
| 260 |
_aLondon _b: Routledge _c, 2019 |
||
| 300 |
_axi, 172 p. _c; 25 cm |
||
| 504 | _a1. Introduction and Conceptual framework -- 2. Towards a new framework for Inclusive Design Thinking -- 3. Towards a new concept of sustainable production -- 4. Towards new models of inclusive distribution -- 5. Towards new innovative recycling systems -- 6. Towards new models of empowerment through access to opportunities -- 7. Towards enabling ecosystems for an inclusive local economy -- 8. Towards new frameworks for inclusive and sustainable business | ||
| 653 | 0 | _aIncome distribution | |
| 653 | 0 | _aEquality | |
| 653 | 0 | _aEconomic development | |
| 700 | 1 |
_aHart, Stuart L _e: editor |
|
| 700 | 1 |
_aFernando, Casado Caneque _e: editor |
|
| 942 |
_2ddc _cBK |
||
| 999 |
_c8 _d8 |
||